000 00475cam a2200145 4500
008 101208n 000 0 eng u
035 _a(Sirsi) a172087
050 _aRA 645 QUI 2002
245 _aQuick guide to cardiopulmonary care/
_cedited by Peter R. Lichtenthal.
260 _aOntario:
_bEdwards Lifesciences,
_c2002.
300 _aiv, 115p.:
_bill.
504 _aIncludes bibliographical references.
650 _aCardiopulmonary care.
700 _aLichtenthal R, Peter.
999 _c48513
_d48513